000 00674nam a2200229Ia 4500
003 OSt
005 20220923213157.0
006 a|||||r|||| 00| 0
007 ta
008 220922b |||||||| |||| 00| 0 hin d
024 _a159,580
037 _cTextual
040 _aARTS
_cARTS
_bhin
041 _2hin
_ahin
082 _aO152:1:90P, H6;H6(-)
100 _aशर्मा, परमेश्वरानन्द
245 0 _aछन्द-शिक्षा
246 _aChhanda-shikṣhā
260 _c1946
942 _hO152:1:90P, H6;H6(-)
_cTEXL
_2CC
999 _c314327
_d314327